| 000 | 00623nam a22001817a 4500 | ||
|---|---|---|---|
| 010 | _aENG-109553 | ||
| 020 |
_c1025.00 _a9781259058530 |
||
| 035 | _aEN-93086 | ||
| 037 | _bDBAD/PUB | ||
| 082 | _a331.0954 | ||
| 100 |
_aRavindranath, E.I. _d1952- _q(Ebenezer Israel) |
||
| 245 | 0 | 0 |
_aIndustrial relations in India : _cby E.I. Ravindranath _ba practitioner's handbook / |
| 260 |
_aNew Delhi _bMcGraw Hill Education _c2013 |
||
| 270 |
_aP-24, Green Park Extn. _bNew Delhi _e110016 |
||
| 300 |
_axxiii,354p. : _c24cm(Hb) _bill. |
||
| 650 |
_a Industrial relations _z India. |
||
| 942 |
_2ddc _cEN _mRAV _h331.0954 |
||
| 999 |
_c83018 _d83018 |
||